Unitized experiments in organic chemistry (Record no. 15543)

000 -LEADER
fixed length control field 00557nam a2200205 4500
001 - CONTROL NUMBER
control field 15543
003 - CONTROL NUMBER IDENTIFIER
control field BD-DhUET
008 - FIXED-LENGTH DATA ELEMENTS--GENERAL INFORMATION
fixed length control field 700413s1970 nyua b 001 0 eng
040 ## - CATALOGING SOURCE
Original cataloging agency DLC
Transcribing agency DLC
Modifying agency BD-DhUET
082 00 - DEWEY DECIMAL CLASSIFICATION NUMBER
Classification number 547.072
Item number BRE/1970
100 1# - MAIN ENTRY--PERSONAL NAME
Personal name Brewster, Ray Q.
245 10 - TITLE STATEMENT
Title Unitized experiments in organic chemistry
250 ## - EDITION STATEMENT
Edition statement 3rd ed.
260 ## - PUBLICATION, DISTRIBUTION, ETC. (IMPRINT)
Place of publication, distribution, etc. New York
Name of publisher, distributor, etc. Van Nostrand Reinhold
Date of publication, distribution, etc. 1970
300 ## - PHYSICAL DESCRIPTION
Extent xv, 287 p.
Other physical details illus.
Dimensions 28 cm.
650 #0 - SUBJECT ADDED ENTRY--TOPICAL TERM
Topical term or geographic name as entry element Chemistry, Organic
700 ## - ADDED ENTRY--PERSONAL NAME
Personal name VanderWerf, C. Anthony
700 ## - ADDED ENTRY--PERSONAL NAME
Personal name McEwen, William E.
942 ## - ADDED ENTRY ELEMENTS (KOHA)
Koha item type General Book
Holdings
Koha date last seen Source of classification or shelving scheme Koha normalized classification for sorting Lost status Price effective from Damaged status Location (home branch) Koha item type Piece designation (barcode) Withdrawn status Sublocation or collection (holding branch) Not for loan Koha full call number Copy number Date acquired Shelving location
2015-03-14 547_072000000000000_BRE_1970 2015-03-14 Central Library, BUETGeneral Book38902 Central Library, BUET 547.072/BRE/197012015-03-14Circulation section
2015-03-14 547_072000000000000_BRE_1970 2015-03-14 Central Library, BUETGeneral Book38903 Central Library, BUET 547.072/BRE/197022015-03-14Circulation section